[Event "MCR zen 2023"]
[Site "?"]
[Date "2023.05.16"]
[Round "8.1"]
[White "Movsesian, Julia"]
[Black "Pilsova, Karolina"]
[Result "1-0"]
[BlackElo "2260"]
[WhiteElo "2239"]
[LiveChessVersion "1.4.8"]

1. e4 {[%clk 1:30:58]} c6 {[%clk 1:30:54]} 2. d4 {[%clk 1:31:15]} d5
{[%clk 1:31:18]} 3. e5 {[%clk 1:31:15]} Bf5 {[%clk 1:31:36]} 4. h4
{[%clk 1:31:37]} h5 {[%clk 1:31:45]} 5. Bd3 {[%clk 1:32:02]} Bxd3
{[%clk 1:31:01]} 6. Qxd3 {[%clk 1:32:27]} e6 {[%clk 1:31:20]} 7. Bg5
{[%clk 1:32:46]} Qb6 {[%clk 1:25:29]} 8. Nd2 {[%clk 1:32:16]} Ne7
{[%clk 1:23:01]} 9. Ne2 {[%clk 1:29:11]} Nd7 {[%clk 1:21:01]} 10. c4
{[%clk 1:24:02]} Nf5 {[%clk 1:13:05]} 11. O-O {[%clk 1:23:08]} f6
{[%clk 1:05:31]} 12. exf6 {[%clk 1:21:19]} gxf6 {[%clk 1:05:46]} 13. Bf4
{[%clk 1:21:43]} Kf7 {[%clk 1:01:30]} 14. cxd5 {[%clk 1:13:50]} cxd5
{[%clk 1:01:49]} 15. Nf3 {[%clk 1:13:29]} Bd6 {[%clk 0:55:37]} 16. Qd2
{[%clk 1:07:29]} Bb4 {[%clk 0:43:41]} 17. Qd3 {[%clk 1:06:39]} Rag8
{[%clk 0:39:52]} 18. Rac1 {[%clk 0:58:50]} Bd6 {[%clk 0:38:59]} 19. Bxd6
{[%clk 0:50:11]} Qxd6 {[%clk 0:39:13]} 20. Qc3 {[%clk 0:50:30]} Rg4
{[%clk 0:34:06]} 21. Qc7 {[%clk 0:47:18]} Ke7 {[%clk 0:33:11]} 22. g3
{[%clk 0:45:12]} Qa6 {[%clk 0:28:31]} 23. Nf4 {[%clk 0:42:52]} Nd6
{[%clk 0:28:06]} 24. Qc2 {[%clk 0:39:01]} Rhg8 {[%clk 0:26:30]} 25. Kh2
{[%clk 0:36:29]} Ne4 {[%clk 0:25:28]} 26. Rfe1 {[%clk 0:30:20]} Qd6
{[%clk 0:12:27]} 27. Qc7 {[%clk 0:27:30]} e5 {[%clk 0:10:43]} 28. dxe5
{[%clk 0:25:13]} fxe5 {[%clk 0:10:57]} 29. Nd3 {[%clk 0:20:04]} Ke6
{[%clk 0:06:34]} 30. Qxb7 {[%clk 0:19:09]} Rb8 {[%clk 0:05:36]} 31. Qxa7
{[%clk 0:17:04]} Rf8 {[%clk 0:04:16]} 32. Qe3 {[%clk 0:13:38]} Rf5
{[%clk 0:02:04]} 33. Qh6+ {[%clk 0:11:32]} Ndf6 {[%clk 0:02:21]} 34. Kg2
{[%clk 0:05:32]} Kf7 {[%clk 0:01:55]} 35. Rc6 {[%clk 0:05:25]} Qe7
{[%clk 0:00:40]} 36. Rec1 {[%clk 0:05:37]} Rg6 {[%clk 0:00:35]} 37. Ndxe5+
{[%clk 0:05:28]} Rxe5 {[%clk 0:00:54]} 38. Nxe5+ {[%clk 0:05:50]} Qxe5
{[%clk 0:01:11]} 39. Rc7+ {[%clk 0:06:15]} Ke6 {[%clk 0:00:54]} 40. Qxg6
{[%clk 0:06:29]} 1-0

[Event "MCR zen 2023"]
[Site "?"]
[Date "2023.05.16"]
[Round "8.2"]
[White "Sikorova, Olga"]
[Black "Richterova, Natasa"]
[Result "0-1"]
[BlackElo "2191"]
[WhiteElo "2158"]
[LiveChessVersion "1.4.8"]

1. Nf3 {[%clk 1:30:57]} d5 {[%clk 1:30:56]} 2. c4 {[%clk 1:31:15]} c6
{[%clk 1:31:21]} 3. g3 {[%clk 1:31:33]} Nf6 {[%clk 1:31:46]} 4. b3
{[%clk 1:31:56]} Bg4 {[%clk 1:31:36]} 5. Bg2 {[%clk 1:31:17]} Bxf3
{[%clk 1:31:30]} 6. Bxf3 {[%clk 1:29:53]} e6 {[%clk 1:28:19]} 7. O-O
{[%clk 1:25:57]} Be7 {[%clk 1:21:46]} 8. d3 {[%clk 1:21:19]} h5 {[%clk 1:12:15]}
9. e4 {[%clk 1:12:24]} dxe4 {[%clk 1:07:06]} 10. dxe4 {[%clk 1:12:11]} Qxd1
{[%clk 1:07:05]} 11. Rxd1 {[%clk 1:12:34]} Nxe4 {[%clk 1:05:52]} 12. Bxe4
{[%clk 1:12:24]} Bf6 {[%clk 1:06:13]} 13. Na3 {[%clk 1:07:47]} Bxa1
{[%clk 1:06:38]} 14. Nb5 {[%clk 1:07:52]} Be5 {[%clk 0:57:41]} 15. Ba3
{[%clk 0:49:18]} a6 {[%clk 0:52:55]} 16. Nd6+ {[%clk 0:48:48]} Bxd6
{[%clk 0:53:16]} 17. Bxd6 {[%clk 0:49:16]} Nd7 {[%clk 0:47:10]} 18. b4
{[%clk 0:44:12]} Nb6 {[%clk 0:21:07]} 19. Be5 {[%clk 0:19:58]} O-O
{[%clk 0:19:22]} 20. Rc1 {[%clk 0:19:20]} Rac8 {[%clk 0:18:09]} 21. Bd4
{[%clk 0:17:32]} Nd7 {[%clk 0:17:19]} 22. f4 {[%clk 0:14:46]} Rfd8
{[%clk 0:15:51]} 23. Be3 {[%clk 0:14:00]} Nf6 {[%clk 0:16:12]} 24. Bc2
{[%clk 0:11:24]} b5 {[%clk 0:04:53]} 25. Bb6 {[%clk 0:11:06]} Rd2
{[%clk 0:04:44]} 26. cxb5 {[%clk 0:10:55]} cxb5 {[%clk 0:01:42]} 27. Bh7+
{[%clk 0:11:11]} Kxh7 {[%clk 0:02:11]} 28. Rxc8 {[%clk 0:11:36]} Rxa2
{[%clk 0:02:36]} 29. Bc5 {[%clk 0:04:38]} Nd5 {[%clk 0:01:57]} 30. Rf8
{[%clk 0:04:59]} Kg6 {[%clk 0:02:03]} 31. Rg8 {[%clk 0:05:28]} Kh7
{[%clk 0:01:48]} 32. Rf8 {[%clk 0:05:55]} Kg6 {[%clk 0:02:09]} 33. Rg8
{[%clk 0:06:23]} Nf6 {[%clk 0:02:33]} 34. Ra8 {[%clk 0:06:40]} Ra4
{[%clk 0:02:52]} 35. Kg2 {[%clk 0:06:47]} Nd5 {[%clk 0:02:33]} 36. Rg8
{[%clk 0:07:08]} Kh7 {[%clk 0:02:08]} 37. Rf8 {[%clk 0:07:33]} f6
{[%clk 0:02:02]} 38. Re8 {[%clk 0:07:48]} Nxb4 {[%clk 0:01:54]} 39. Rxe6
{[%clk 0:07:43]} Nd3 {[%clk 0:01:04]} 40. Bf8 {[%clk 0:07:02]} Kg8
{[%clk 0:01:30]} 41. Re8 {[%clk 0:06:59]} Kf7 {[%clk 0:01:49]} 42. Rd8
{[%clk 0:06:43]} Rc4 {[%clk 0:22:13]} 43. f5 {[%clk 0:24:28]} Rc2+
{[%clk 0:17:02]} 44. Kg1 {[%clk 0:13:09]} Rc1+ {[%clk 0:17:10]} 45. Kg2
{[%clk 0:13:29]} Rc2+ {[%clk 0:17:30]} 46. Kg1 {[%clk 0:13:55]} Ne5
{[%clk 0:14:05]} 47. Bd6 {[%clk 0:14:09]} g6 {[%clk 0:14:06]} 48. Rf8+
{[%clk 0:04:23]} Kg7 {[%clk 0:14:30]} 49. fxg6 {[%clk 0:04:39]} Kxg6
{[%clk 0:13:35]} 50. h3 {[%clk 0:05:01]} Rc6 {[%clk 0:10:53]} 51. Bb4
{[%clk 0:05:17]} Nd3 {[%clk 0:08:25]} 52. Be7 {[%clk 0:05:02]} Re6
{[%clk 0:08:14]} 53. Rg8+ {[%clk 0:03:21]} Kf7 {[%clk 0:08:32]} 54. Rd8
{[%clk 0:03:49]} Rxe7 {[%clk 0:07:39]} 55. Rxd3 {[%clk 0:04:17]} a5
{[%clk 0:07:50]} 56. Rd5 {[%clk 0:04:27]} Re5 {[%clk 0:06:51]} 57. Rd7+
{[%clk 0:04:49]} Ke6 {[%clk 0:07:20]} 58. Ra7 {[%clk 0:04:19]} a4
{[%clk 0:06:04]} 59. Kf2 {[%clk 0:04:39]} Kd5 {[%clk 0:06:06]} 60. g4
{[%clk 0:04:23]} hxg4 {[%clk 0:06:20]} 61. hxg4 {[%clk 0:04:52]} Re6
{[%clk 0:06:25]} 0-1